|
|
|
|
| LEADER |
00000ckm a2200000 a 4500 |
| 001 |
vtls011626796 |
| 003 |
SK-MaSNL |
| 005 |
20260512122859.0 |
| 007 |
kp bo |
| 008 |
230706s1962 xo g kuslo |
| 015 |
|
|
|a SNBG1962
|
| 035 |
|
|
|a urn:nbn:sk:snk-km00e9ht
|
| 035 |
|
|
|a urn:nbn:sk:snk-km43hof
|
| 035 |
|
|
|a CFD59DE4-D579-41A3-9E72-29D8388E8A86
|
| 040 |
|
|
|a SNK
|b slo
|c SNK
|e AACR2
|
| 041 |
0 |
|
|a slo
|
| 043 |
|
|
|a e-xo---
|
| 044 |
|
|
|a xo
|c SK
|
| 072 |
|
7 |
|a 913
|x Regionálna geografia
|2 konspekt
|
| 080 |
|
|
|a 913(437.6)
|2 2011
|
| 080 |
|
|
|a (084.121)
|2 2011
|
| 080 |
|
|
|a 725.835
|2 2011
|
| 080 |
|
|
|a 721
|2 2011
|
| 080 |
|
|
|a 712.253
|2 2011
|
| 080 |
|
|
|a 373.5+377
|2 2011
|
| 100 |
1 |
|
|a Hajduch, Ján,
|d 1906-1972
|4 pht
|9 98286
|
| 245 |
1 |
0 |
|a Modra
|h grafika
|c foto Hajduch
|
| 260 |
|
|
|a Bratislava
|b Slovenské vydavateľstvo politickej literatúry
|c 1962
|
| 300 |
|
|
|a 1 pohľadnica
|b čiernobiela
|c 11 x 15 cm
|
| 520 |
8 |
|
|a Zobrazenie: Pohľad na park, za ktorým je budova dnešného gymnázia Karola Štúra. V pozadí vľavo, za gymnáziom je budova kultúrneho domu a v diaľke je kopec. V popredí vľavo v parku je krík a vpravo lavička
|
| 650 |
0 |
7 |
|a budovy
|2 SNKPH
|9 1283
|
| 650 |
0 |
7 |
|a stredné školy
|2 SNKPH
|9 1279
|
| 650 |
0 |
7 |
|a mestské parky
|2 SNKPH
|9 24164
|
| 650 |
0 |
7 |
|a kultúrne domy
|2 SNKPH
|9 73211
|
| 651 |
|
7 |
|a Modra (Slovensko)
|2 SNKPHgeo
|9 15238
|
| 655 |
|
7 |
|a miestne pohľadnice
|2 SNKPH
|9 70510
|
| 852 |
|
|
|a Slovenská národná knižnica
|
| 954 |
|
|
|a pohľadnice pôvodné (slovenské)
|2 lita
|
| 958 |
|
|
|a GC
|
| 958 |
|
|
|a GBN
|
| 958 |
|
|
|a OND
|
| 999 |
|
|
|c 678289
|d 680219
|
| 952 |
|
|
|a SNK
|b SNK
|y PREZ
|7 0
|p 17A1222403
|o snkSP 10596
|z Pohľadnica prešla poštou.
|0 0
|1 0
|4 0
|d 2017-05-02
|f 1
|l 0
|r 2026-02-23 19:48:24
|w 2026-02-23
|